000
00331nam a22001337a 4500
003
OSt
008
250303b |||||||| |||| 00| 0 eng d
100
_a
MOHAN, Lalit
245
_a
Material Science & Quantum
260
_a
New Delhi,
_b
Naples Indian:
_c
2024.
300
_a
371p.
650
_a
Faculty Publication
942
_2
ddc
_c
BK
999
_c
13172
_d
13172